00553nam a2200169Ia 4500008004100000020001500041041001200056082001600068100001500084245003700099260003500136300000800171650001200179942000700191999001500198952017000213221030s9999 xx 000 0 und d a8120711882 aEnglish a105.23bGha aO. P. Ghai 4aThe Bhagavad Gitacby O. P. Ghai bSterling Pub.aNew Delhic1992 a116 aGeneral cBK c7358d7358 pBE 3788g50.00l0o105.23 Ghar2024-06-13 00:00:00w2022-10-30yBK003Print4070aMIETLIBbMIETLIBcBL-Academic Block C, FL-2, CUP-21, SH-4, R-4d2001-04-2310HBE